Robotics / (Record no. 8385)
[ view plain ]
| 000 -LEADER | |
|---|---|
| fixed length control field | 01083nac a22002411u 4500 |
| 008 - FIXED-LENGTH DATA ELEMENTS--GENERAL INFORMATION | |
| fixed length control field | 100914s2007 mau|||||r|||| 000 0 eng d |
| 010 ## - LIBRARY OF CONGRESS CONTROL NUMBER | |
| LC control number | 2007010554 |
| 020 ## - INTERNATIONAL STANDARD BOOK NUMBER | |
| International Standard Book Number | 1934015024 |
| 020 ## - INTERNATIONAL STANDARD BOOK NUMBER | |
| International Standard Book Number | 9781934015025 |
| 082 00 - DEWEY DECIMAL CLASSIFICATION NUMBER | |
| Classification number | 629.892 |
| Item number | ROB |
| 110 ## - MAIN ENTRY--CORPORATE NAME | |
| 9 (RLIN) | 19110 |
| Corporate name or jurisdiction name as entry element | Appin Knowledge Solutions |
| 245 00 - TITLE STATEMENT | |
| Title | Robotics / |
| Statement of responsibility, etc | Appin Knowledge Solutions. |
| 260 ## - PUBLICATION, DISTRIBUTION, ETC. (IMPRINT) | |
| Place of publication, distribution, etc | Hingham, MA : |
| Name of publisher, distributor, etc | Infinity Science Press, 2007. |
| Date of publication, distribution, etc | 2007 |
| 300 ## - PHYSICAL DESCRIPTION | |
| Extent | 343 p. : |
| Other physical details | ill.; |
| Dimensions | 24 cm. |
| 500 ## - GENERAL NOTE | |
| General note | Includes index. |
| 650 #0 - SUBJECT ADDED ENTRY--TOPICAL TERM | |
| Topical term or geographic name as entry element | Robotics |
| Form subdivision | Handbooks, manuals, etc. |
| 9 (RLIN) | 19112 |
| 650 #0 - SUBJECT ADDED ENTRY--TOPICAL TERM | |
| Topical term or geographic name as entry element | Robots, Industrial |
| Form subdivision | Handbooks, manuals, etc. |
| 9 (RLIN) | 19113 |
| 710 2# - ADDED ENTRY--CORPORATE NAME | |
| Corporate name or jurisdiction name as entry element | Appin Knowledge Solutions (Firm) |
| 9 (RLIN) | 19114 |
| 856 41 - ELECTRONIC LOCATION AND ACCESS | |
| Materials specified | Table of contents only |
| Uniform Resource Identifier | <a href="http://www.loc.gov/catdir/toc/ecip0713/2007010554.html">http://www.loc.gov/catdir/toc/ecip0713/2007010554.html</a> |
| 942 ## - ADDED ENTRY ELEMENTS (KOHA) | |
| Item type | Book - Borrowing |
| Call number prefix | 629.892 ROB |
| Source of classification or shelving scheme | Dewey Decimal Classification |
| Withdrawn status | Item status | Damaged status | Not for loan | Home library | Current library | Shelving location | Date acquired | Source of acquisition | Total Checkouts | Total Renewals | Full call number | Barcode | Date last seen | Date last borrowed | Koha item type | Source of classification or shelving scheme | Vendor |
|---|---|---|---|---|---|---|---|---|---|---|---|---|---|---|---|---|---|
| Central Library | Central Library | First floor | 05/03/2008 | Purchase | 9 | 33 | 629.892 ROB | 000010204 | 25/10/2025 | 18/10/2025 | Book - Borrowing | ||||||
| Central Library | Central Library | First floor | 14/09/2010 | 629.892 ROB | 000021620 | 24/08/2022 | CD | DVD - With book | Dewey Decimal Classification |